000 01096nam a2200265 a 4500
005 20191224042316.0
008 161219s2015 ck abd||r|||| 00| 0 spa d
020 _a9789588947150
040 _aCO-BoIAVH
_cCO-BoIAVH
041 0 _aspa
044 _ack
082 0 4 _a333.91
_bP69m
245 0 0 _aPlan de manejo ambiental de acuífero en la cuenca del Río Ranchería :
_bDiagnóstico y formulación participativos
250 _aPrimera edición
260 _aBogotá (Colombia) :
_bMinisterio de Ambiente y Desarrollo Sostenible :
_bCorpoguajira :
_bUniversidad de Antioquia,
_c2015.
300 _a51 páginas :
_bilustraciones a color, mapas y cuadros ;
_c28 x 22 cm.
650 2 6 _aRecursos hídricos
_xAdministración
650 2 6 _aAguas subterráneas
_xAdministración
650 2 6 _aCalidad del agua
651 _aGuajira (Departamento, Colombia)
_zRío Ranchería
710 1 _aColombia
_bMinisterio de Medio Ambiente y Desarrollo Sostenible
710 2 _aCorpoguajira
710 2 _aUniversidad de Antioquía
942 _2ddc
_cLIBRO
999 _c19189
_d19189